Machines Horizon Forbidden West / Zero Dawn - Statistiques

Statistiques générales
  • Ce quiz a été pris 67 fois
  • Le résultat moyen est 21 sur 48
Statistiques - réponses
Par images Réponse % Correct
Gueule-d'orage
72%
Etincelle
66%
Tunnelier
66%
Veilleur
66%
Mastodonte
64%
Carapateur
60%
Oiseau-tempête
60%
Corne-filante
58%
Spectre
58%
Brouteur
56%
Coureuse
56%
Charognarde
54%
Galopeur
54%
Ravageur
54%
Testudien
54%
Aile-d'hélion
52%
Corrupteur
52%
Veilleur rouge
52%
Griffe de feu
48%
Haute-pattes
46%
Bondisseur
44%
Porte-mort
44%
Dents de scie
42%
Griffe de gel
42%
Horus
42%
Grimpeur
40%
Traqueur
40%
Grande-bouche
38%
Brise-roc
36%
Grand-front
36%
Rampant
36%
Razoptère
36%
Vulpivol
36%
Massacrépine
34%
Pillard
34%
Spectre Prime
34%
Brisevague
32%
Corne-sabre
30%
Frappe-défense
30%
Gyrodorsse
30%
Galop-griffe
28%
Carapeste
26%
Grilleuse
26%
Long-nez
24%
Pentacorne
24%
Cracheur boursouflé de feu
22%
Cracheur boursouflé de gel
18%
Piétineur
18%
Aucun quiz correspondant
Distribution des résultats
% des personnes avec chaque résultat
Percentile par nombre de réponses
Votre historique - résultats
Vous n’avez pas pris ce quiz